قصص الأسخياء و الأتقياء / (رقم التسجيلة. 108999)

تفاصيل مارك
000 -LEADER
fixed length control field 00650nam a22002057a 4500
005 - DATE AND TIME OF LATEST TRANSACTION
control field 20251108173640.0
008 - FIXED-LENGTH DATA ELEMENTS--GENERAL INFORMATION
fixed length control field 250721s2004 xx 000 0 ara d
020 ## - INTERNATIONAL STANDARD BOOK NUMBER
International Standard Book Number 9960422550
082 14 - DEWEY DECIMAL CLASSIFICATION NUMBER
Classification number ط/218.2/مبا
100 1# - MAIN ENTRY--PERSONAL NAME
Personal name المبارك، محمد عباس
245 10 - TITLE STATEMENT
Title قصص الأسخياء و الأتقياء /
264 1# - PRODUCTION, PUBLICATION, DISTRIBUTION, MANUFACTURE, AND COPYRIGHT NOTICE
Place of production, publication, distribution, manufacture الرياض :
Name of producer, publisher, distributor, manufacturer دار طويق للنشر و التوزيع،
Date of production, publication, distribution, manufacture, or copyright notice 2004.
300 ## - PHYSICAL DESCRIPTION
Extent 63ص.
490 0# - SERIES STATEMENT
Series statement سادات الدنيا و الآخرة
650 17 - SUBJECT ADDED ENTRY--TOPICAL TERM
Topical term or geographic name as entry element الإسلام
650 17 - SUBJECT ADDED ENTRY--TOPICAL TERM
Topical term or geographic name as entry element الأخلاق الإسلامية
653 ## - INDEX TERM--UNCONTROLLED
Uncontrolled term ناشئون صغار (10-14(
942 ## - ADDED ENTRY ELEMENTS (KOHA)
Source of classification or shelving scheme Dewey Decimal Classification
Koha item type كتب
المقتنيات
حالة السحب حالة الفقدان مصدر التصنيف حالة التلف غير قابل للإعارة المكتبة الرئيسية المكتبة الحالية موقع الرف تاريخ التزويد الرقم المتسلسل Total Checkouts رقم الإستدعاء الباركود تاريخ آخر ظهور تاريخ الفاتورة نوع المادة (كوها)
    Dewey Decimal Classification   Not For Loan المكتبة المركزية المكتبة المركزية مقتنيات قسم التزويد 28/07/2025 1130723   ط/218.2/مبا 1130723 28/07/2025 28/07/2025 كتب
    Dewey Decimal Classification   Not For Loan المكتبة المركزية المكتبة المركزية مقتنيات قسم التزويد 28/07/2025 1130724   ط/218.2/مبا 1130724 28/07/2025 28/07/2025 كتب
    Dewey Decimal Classification   Not For Loan المكتبة المركزية المكتبة المركزية مقتنيات قسم التزويد 28/07/2025 1130725   ط/218.2/مبا 1130725 28/07/2025 28/07/2025 كتب
    Dewey Decimal Classification     مكتبة الأميرة ايمان العامة مكتبة الأميرة ايمان العامة الأطفال 28/07/2025 1130726   ط/218.2/مبا 1130726 28/07/2025 28/07/2025 كتب
Implemented & Customized by: BBB with SCIT (Smart Chains for Information Technology)

Powered by Koha